[Event "Paphos op 1st"]
[Site "Paphos"]
[Date "2023.04.10"]
[Round "6"]
[White "Stokstad, Petter Glenne"]
[Black "Alexiadis, Hristos"]
[Result "1/2-1/2"]
[WhiteElo "2184"]
[BlackElo "2335"]
[PlyCount "85"]
[EventDate "2023.04.07"]
[EventType "swiss"]
[EventRounds "9"]
[EventCountry "CYP"]
[SourceTitle "CBM 213 Extra"]
[Source "ChessBase"]
[SourceDate "2023.05.31"]
[SourceVersion "1"]
[SourceVersionDate "2023.05.31"]
[SourceQuality "1"]

1. d4 Nf6 2. c4 g6 3. Nc3 Bg7 4. e4 d6 5. f4 c5 6. Nf3 cxd4 7. Nxd4 Nc6 8. Be3 Ng4 9. Nxc6 bxc6 10. Bg1 e5 11. Be2 0-0 12. g3 h5 13. h3 Nf6 14. fxe5 Ne8 15. exd6 Rb8 16. c5 Rxb2 17. Bd4 Qg5 18. Rg1 Bxh3 19. Rb1 Rxb1 20. Nxb1 Bxd4 21. Qxd4 Ng7 22. Bc4 Be6 23. Nd2 Bxc4 24. Nxc4 Qc1+ 25. Ke2 Qc2+ 26. Nd2 Ne6 27. Qc4 Qb2 28. Rc1 Qe5 29. Qc3 Qg5 30. Qe3 Qg4+ 31. Kd3 Rb8 32. Nc4 Nd8 33. Kc3 Qc8 34. Kd2 Ne6 35. Ke1 Rb5 36. Ne5 Qa6 37. a3 Qa5+ 38. Qc3 Qa4 39. Nd7 Qxe4+ 40. Kf2 Qf5+ 41. Kg1 Rb1 42. Rxb1 Qxb1+ 43. Kf2 1/2-1/2

[Event "NOR-chT 1516"]
[Site "Norway"]
[Date "2016.03.06"]
[Round "9.5"]
[White "Stokstad, Petter Glenne"]
[Black "Turov, Maxim"]
[Result "0-1"]
[WhiteElo "2231"]
[BlackElo "2609"]
[PlyCount "100"]
[EventDate "2015.10.30"]
[EventType "team-tourn"]
[EventRounds "9"]
[EventCountry "NOR"]
[SourceTitle "EXT 2017"]
[Source "ChessBase"]
[SourceDate "2016.10.25"]
[SourceVersion "1"]
[SourceVersionDate "2016.10.25"]
[SourceQuality "1"]
[WhiteTeam "Sotra"]
[BlackTeam "Tromsoe"]
[WhiteTeamCountry "NOR"]
[BlackTeamCountry "NOR"]

1. d4 Nf6 2. c4 g6 3. Nc3 d5 4. Nf3 Bg7 5. e3 0-0 6. Be2 c5 7. 0-0 cxd4 8. Nxd4 dxc4 9. Bxc4 a6 10. Qe2 b5 11. Bb3 Bb7 12. Rd1 Nbd7 13. Nf3 Qc7 14. Bd2 Nc5 15. Bc2 Ng4 16. h3 Bxf3 17. Qxf3 Qh2+ 18. Kf1 Ne5 19. Qd5 Rac8 20. g3 Qxh3+ 21. Qg2 Qxg2+ 22. Kxg2 Nc4 23. Rab1 Nxd2 24. Rxd2 Bxc3 25. bxc3 Rfd8 26. Rbd1 Rxd2 27. Rxd2 Kf8 28. f4 Nb7 29. e4 Rxc3 30. e5 Nc5 31. Kh3 e6 32. Kh4 Ke7 33. Re2 h6 34. Rd2 a5 35. Kg4 a4 36. Bb1 b4 37. Rd4 b3 38. axb3 axb3 39. Rb4 Rc1 40. Bd3 Nxd3 41. Rxb3 Nc5 42. Ra3 Kf8 43. Ra8+ Kg7 44. Rd8 Rc3 45. Rd4 Re3 46. Rd2 Rxg3+ 47. Kh4 Ne4 48. Re2 g5+ 49. fxg5 hxg5+ 50. Kh5 Rh3+ 0-1

[Event "Bergen Spring"]
[Site "Bergen"]
[Date "2016.01.19"]
[Round "1"]
[White "Rasmussen, Jonas H"]
[Black "Stokstad, Petter Glenne"]
[Result "0-1"]
[WhiteElo "1722"]
[BlackElo "2179"]
[PlyCount "114"]
[EventDate "2016.01.19"]
[EventType "tourn"]
[EventRounds "7"]
[EventCountry "NOR"]
[SourceTitle "EXT 2024"]
[Source "ChessBase"]
[SourceDate "2023.10.10"]
[SourceVersion "1"]
[SourceVersionDate "2023.10.10"]
[SourceQuality "1"]

1. d4 Nf6 2. c4 g6 3. Nf3 Bg7 4. Nc3 0-0 5. Bf4 c5 6. e3 Qa5 7. Be2 Ne4 8. Qa4 Qxa4 9. Nxa4 cxd4 10. exd4 b6 11. 0-0 Bb7 12. Rfe1 f5 13. Rad1 Bc6 14. Nc3 Nxc3 15. bxc3 Ba4 16. Rc1 Nc6 17. Bd3 Rfe8 18. Ne5 Nxe5 19. Bxe5 Bh6 20. Rb1 d6 21. Bg3 f4 22. Bh4 g5 23. Be4 Rac8 24. Bd5+ Kg7 25. Be6 Rc7 26. Bxg5 Bxg5 27. f3 Bd7 28. Bxd7 Rxd7 29. Rb5 h6 30. Kf1 Rc8 31. Rb4 Rdc7 32. Ra4 a5 33. c5 dxc5 34. d5 c4 35. Re4 Rc5 36. Ke2 Rxd5 37. Raxc4 Rxc4 38. Rxc4 e5 39. Rc6 b5 40. c4 bxc4 41. Rxc4 h5 42. g3 fxg3 43. hxg3 Rd2+ 44. Ke1 Rxa2 45. Rc5 h4 46. Rxe5 Bf6 47. Rd5 h3 48. Rh5 h2 49. Kf1 a4 50. g4 a3 51. f4 Rb2 52. g5 Bd4 53. f5 a2 54. f6+ Kg6 55. Rh6+ Kxg5 56. Rh5+ Kxh5 57. f7 a1Q# 0-1

[Event "Bergen Spring"]
[Site "Bergen"]
[Date "2016.01.19"]
[Round "3"]
[White "Stokstad, Petter Glenne"]
[Black "Martinsen, Stig K"]
[Result "1-0"]
[WhiteElo "2179"]
[BlackElo "2167"]
[PlyCount "73"]
[EventDate "2016.01.19"]
[EventType "tourn"]
[EventRounds "7"]
[EventCountry "NOR"]
[SourceTitle "EXT 2024"]
[Source "ChessBase"]
[SourceDate "2023.10.10"]
[SourceVersion "1"]
[SourceVersionDate "2023.10.10"]
[SourceQuality "1"]

1. d4 e6 2. Nf3 f5 3. c4 Nf6 4. Nc3 Bb4 5. Bd2 0-0 6. e3 b6 7. Qb3 Bxc3 8. Bxc3 Ne4 9. Bb4 c5 10. Ba3 d6 11. Be2 Bb7 12. Qc2 Nc6 13. b3 Rc8 14. Rd1 b5 15. 0-0 Qa5 16. cxb5 Qxa3 17. bxc6 Rxc6 18. d5 exd5 19. Rxd5 Rb6 20. Rdd1 a5 21. Bc4+ Kh8 22. Nd2 Qb4 23. Nb1 a4 24. f3 axb3 25. axb3 Nf6 26. Nc3 Ba6 27. Nd5 Nxd5 28. Rxd5 Bxc4 29. bxc4 g6 30. e4 fxe4 31. Qxe4 Qb2 32. Rfd1 Qf6 33. h4 Kg7 34. Qg4 Rf7 35. h5 Re7 36. Kh2 Re5 37. f4 1-0

[Event "NOR-chT 1516"]
[Site "Norway"]
[Date "2015.11.01"]
[Round "3.3"]
[White "Lie, Kjetil A"]
[Black "Stokstad, Petter Glenne"]
[Result "1-0"]
[WhiteElo "2533"]
[BlackElo "2231"]
[PlyCount "65"]
[EventDate "2015.10.30"]
[EventType "team-tourn"]
[EventRounds "9"]
[EventCountry "NOR"]
[SourceTitle "CBM 169 Extra"]
[Source "ChessBase"]
[SourceDate "2015.12.18"]
[SourceVersion "1"]
[SourceVersionDate "2015.12.18"]
[SourceQuality "1"]
[WhiteTeam "Asker"]
[BlackTeam "Sotra"]
[WhiteTeamCountry "NOR"]
[BlackTeamCountry "NOR"]

1. e4 c5 2. Nf3 Nc6 3. Bb5 d6 4. Bxc6+ bxc6 5. 0-0 e5 6. c3 Bg4 7. d4 cxd4 8. cxd4 Qb6 9. dxe5 dxe5 10. Nbd2 f6 11. Nc4 Qa6 12. Qd3 c5 13. Ncxe5 Qxd3 14. Nxd3 0-0-0 15. Nf4 Bd6 16. Be3 Kb7 17. Rac1 Ne7 18. Rc3 Nc6 19. Nd3 Nd4 20. Nxd4 cxd4 21. Bxd4 Bxh2+ 22. Kxh2 Rxd4 23. f3 Bc8 24. Rfc1 Kb8 25. Rb3+ Ka8 26. Nf4 Rd7 27. Ne6 a6 28. Rc6 Re7 29. Nc7+ Ka7 30. Nxa6 Bb7 31. Rc7 Rxc7 32. Nxc7 Rc8 33. Nb5+ 1-0

[Event "Las Palmas Insular-chT"]
[Site "Las Palmas"]
[Date "2010.02.06"]
[Round "4"]
[White "Barlov, Dragan"]
[Black "Stokstad, Petter Glenne"]
[Result "1-0"]
[WhiteElo "2487"]
[BlackElo "2234"]
[PlyCount "90"]
[EventDate "2010.01.16"]
[EventType "team-tourn"]
[EventRounds "14"]
[EventCountry "ESP"]
[SourceTitle "EXT 2011"]
[Source "ChessBase"]
[SourceDate "2010.11.26"]
[SourceVersion "1"]
[SourceVersionDate "2010.11.26"]
[SourceQuality "1"]
[WhiteTeam "Gran Canaria"]
[BlackTeam "La Caja de Vecindario"]
[WhiteTeamCountry "ESP"]
[BlackTeamCountry "ESP"]

1. c4 e6 2. Nc3 d5 3. d4 Nf6 4. Bg5 Be7 5. e3 0-0 6. Nf3 Nbd7 7. Qc2 h6 8. Bh4 c6 9. Bd3 c5 10. 0-0 cxd4 11. Nxd4 Ne5 12. Bxf6 Bxf6 13. cxd5 Nxd3 14. Qxd3 exd5 15. Rfd1 Be6 16. Rd2 Qb6 17. Rad1 Rfd8 18. h3 a6 19. Nce2 Rac8 20. Nf4 Rc7 21. Ndxe6 fxe6 22. Nh5 Rf8 23. Nxf6+ Rxf6 24. e4 Rd7 25. Qe3 Qc6 26. Qb3 Qc5 27. exd5 exd5 28. Rc2 Qd6 29. Qd3 Rf8 30. a3 d4 31. Re2 b5 32. Rde1 Qf6 33. f3 Qf5 34. Re4 Qc5 35. Qd2 d3+ 36. Qf2 Qc2 37. Re7 d2 38. Rxd7 dxe1Q+ 39. Qxe1 Qxb2 40. Qe6+ Kh8 41. Qe7 Rc8 42. Kh2 a5 43. Ra7 a4 44. Rb7 Qd4 45. Kg3 Rc5 1-0

[Event "Las Palmas Insular-chT"]
[Site "Las Palmas"]
[Date "2010.01.30"]
[Round "3"]
[White "Stokstad, Petter Glenne"]
[Black "Leon Varela, Luis"]
[Result "1-0"]
[WhiteElo "2234"]
[BlackElo "2121"]
[PlyCount "75"]
[EventDate "2010.01.16"]
[EventType "team-tourn"]
[EventRounds "14"]
[EventCountry "ESP"]
[SourceTitle "EXT 2011"]
[Source "ChessBase"]
[SourceDate "2010.11.26"]
[SourceVersion "1"]
[SourceVersionDate "2010.11.26"]
[SourceQuality "1"]
[WhiteTeam "La Caja de Vecindario"]
[BlackTeam "Telde Los Llanos"]
[WhiteTeamCountry "ESP"]
[BlackTeamCountry "ESP"]

1. d4 d5 2. c4 c6 3. e3 Nf6 4. Nf3 Bf5 5. Nc3 e6 6. Be2 Nbd7 7. 0-0 Bd6 8. Nh4 Qc7 9. f4 Be4 10. Nxe4 dxe4 11. g3 0-0-0 12. Qa4 Kb8 13. b4 h5 14. Rb1 g5 15. Ng2 h4 16. b5 c5 17. fxg5 Bxg3 18. gxf6 Bxh2+ 19. Kh1 Qg3 20. Nf4 Rdg8 21. Qc2 h3 22. Bg4 Rxg4 23. Qxh2 Qxh2+ 24. Kxh2 e5 25. Nd5 Rg2+ 26. Kh1 Rhg8 27. Bb2 Rd2 28. Rfd1 Rc2 29. Rdc1 Rd2 30. Bc3 Rxa2 31. Rg1 Rgg2 32. Rxg2 hxg2+ 33. Kh2 g1Q+ 34. Kxg1 Nf8 35. dxc5 Ng6 36. c6 Nh4 37. Bxe5+ Ka8 38. c7 1-0

[Event "Santa Lucia op 2nd"]
[Site "Santa Lucia"]
[Date "2008.07.18"]
[Round "5.1"]
[White "Stokstad, Petter Glenne"]
[Black "Hernando Rodrigo, Jose Maria"]
[Result "0-1"]
[WhiteElo "2225"]
[BlackElo "2377"]
[PlyCount "74"]
[EventDate "2008.07.14"]
[EventType "swiss"]
[EventRounds "7"]
[EventCountry "ESP"]
[SourceTitle "EXT 2024"]
[Source "ChessBase"]
[SourceDate "2023.10.10"]
[SourceVersion "1"]
[SourceVersionDate "2023.10.10"]
[SourceQuality "1"]

1. d4 g6 2. c4 Bg7 3. Nf3 f5 4. Nc3 Nf6 5. g3 d6 6. Bg2 0-0 7. 0-0 Qe8 8. d5 Na6 9. Nd4 Bd7 10. a3 c6 11. h3 Nc7 12. Kh2 c5 13. Nc2 b5 14. cxb5 Nxb5 15. Nxb5 Bxb5 16. Ne3 f4 17. Ng4 fxg3+ 18. fxg3 Nxg4+ 19. hxg4 Rxf1 20. Qxf1 Qf7 21. Bf3 Bc4 22. Qd1 Rb8 23. Kg2 Rb3 24. Rb1 Bd4 25. e3 Rd3 26. Qa4 Bxd5 27. Bxd5 Qxd5+ 28. Kf2 Bf6 29. g5 Bxg5 30. b3 Bf6 31. Qe8+ Kg7 32. e4 Qd4+ 33. Kg2 Qxe4+ 34. Kh2 Qe2+ 35. Kh3 Qf1+ 36. Kh2 Qf2+ 37. Kh1 Rd1# 0-1

[Event "Santa Lucia op 2nd"]
[Site "Santa Lucia"]
[Date "2008.07.17"]
[Round "4.2"]
[White "Stokstad, Petter Glenne"]
[Black "Hernando Rodrigo, Julio Antonio"]
[Result "1-0"]
[WhiteElo "2225"]
[BlackElo "2354"]
[PlyCount "105"]
[EventDate "2008.07.14"]
[EventType "swiss"]
[EventRounds "7"]
[EventCountry "ESP"]
[SourceTitle "EXT 2024"]
[Source "ChessBase"]
[SourceDate "2023.10.10"]
[SourceVersion "1"]
[SourceVersionDate "2023.10.10"]
[SourceQuality "1"]

1. d4 Nf6 2. c4 e6 3. Nc3 Bb4 4. Qc2 c5 5. dxc5 Na6 6. a3 Bxc3+ 7. Qxc3 Nxc5 8. f3 a5 9. Bf4 a4 10. Rd1 Qa5 11. Qxa5 Rxa5 12. Bd6 Kd8 13. e4 Ne8 14. Bf4 Ke7 15. Ne2 d6 16. Nd4 Bd7 17. Be2 e5 18. Bd2 Ra8 19. Nc2 Nc7 20. Ne3 g6 21. Bb4 b6 22. Kf2 Bc6 23. Nd5+ Bxd5 24. cxd5 Nb3 25. h4 Rhc8 26. Bd3 Na6 27. Bc3 Rcb8 28. Bb5 Nc7 29. Bc4 Nc5 30. Be2 Rc8 31. Ke3 Rab8 32. g4 b5 33. f4 exf4+ 34. Kxf4 Nd7 35. h5 g5+ 36. Kxg5 Rg8+ 37. Kf4 f6 38. h6 Ne5 39. Rc1 Na6 40. Bd4 Rb7 41. Rc2 Nb8 42. Rhc1 Kd7 43. Kf5 Na6 44. Rc6 Nc7 45. Kxf6 Nxg4+ 46. Bxg4+ Rxg4 47. Kf5 Rh4 48. Be3 Ne8 49. Rg1 Rh5+ 50. Bg5 Rc7 51. Rxc7+ Kxc7 52. Ke6 Rh2 53. Ke7 1-0

[Event "EU-Cup 22nd"]
[Site "Fuegen"]
[Date "2006.10.10"]
[Round "3.6"]
[White "Nogly, Christoph"]
[Black "Stokstad, Petter Glenne"]
[Result "1-0"]
[WhiteElo "2266"]
[BlackElo "2227"]
[PlyCount "89"]
[EventDate "2006.10.08"]
[EventType "team-swiss"]
[EventRounds "7"]
[EventCountry "AUT"]
[SourceTitle "CBM 115"]
[Source "ChessBase"]
[SourceDate "2006.11.15"]
[SourceVersion "1"]
[SourceVersionDate "2006.11.15"]
[SourceQuality "1"]
[WhiteTeam "Berlin SF"]
[BlackTeam "Asker"]
[WhiteTeamCountry "GER"]
[BlackTeamCountry "NOR"]

1. d4 d5 2. Nf3 Nf6 3. c4 e6 4. g3 Be7 5. Bg2 0-0 6. 0-0 Nbd7 7. Qb3 c6 8. Nc3 a5 9. a4 b6 10. Bf4 Ba6 11. cxd5 exd5 12. Rfd1 Nh5 13. Bd2 f5 14. Ne5 Nxe5 15. dxe5 Bc4 16. Qc2 g5 17. b3 Ba6 18. Bc1 Qe8 19. Nxd5 cxd5 20. Bxd5+ Kh8 21. Bxa8 Qxa8 22. Rd7 Bc5 23. Bb2 Qe4 24. e6+ Kg8 25. Qc3 Nf6 26. Rf7 Rxf7 27. exf7+ Kf8 28. Ba3 Bxa3 29. Rxa3 Qxe2 30. Ra1 Qxf2+ 31. Kxf2 Ne4+ 32. Ke3 Nxc3 33. Kd4 Ne2+ 34. Ke5 Kxf7 35. Kxf5 Nd4+ 36. Kxg5 Nxb3 37. Rb1 Bc4 38. Kh6 Ke6 39. Rb2 Kd6 40. Kxh7 Kc5 41. g4 Nd4 42. g5 b5 43. axb5 Bxb5 44. g6 a4 45. Rxb5+ 1-0

[Event "CFriend AP-2004-Q-00017 email"]
[Site "Chessfriend.com"]
[Date "2004.09.10"]
[Round "?"]
[White "Stokstad, Petter Glenne"]
[Black "Rawlings, Alan JC"]
[Result "0-1"]
[WhiteElo "2226"]
[BlackElo "2179"]
[PlyCount "78"]
[EventDate "2004.??.??"]
[EventType "tourn (corr)"]
[EventRounds "12"]
[SourceTitle "Corr 2008"]
[Source "ChessBase"]
[SourceDate "2008.06.24"]
[SourceVersion "1"]
[SourceVersionDate "2008.06.24"]
[SourceQuality "1"]

1. d4 Nf6 2. c4 g6 3. Nc3 d5 4. Nf3 Bg7 5. Bf4 0-0 6. e3 c5 7. Be2 Nc6 8. 0-0 cxd4 9. Nxd4 Nxd4 10. exd4 Be6 11. c5 Ne4 12. Rc1 Qd7 13. b4 Rfc8 14. f3 Nxc3 15. Rxc3 Bf5 16. Re1 a6 17. Bf1 h5 18. h3 Kh7 19. Rce3 Bf6 20. g4 Be6 21. g5 Bg7 22. h4 b6 23. Be5 a5 24. Bxg7 Kxg7 25. b5 Qc7 26. Rxe6 fxe6 27. Rxe6 Qg3+ 28. Bg2 Qxh4 29. Qd3 Qxg5 30. Rxb6 e5 31. Rb7+ Kh6 32. c6 Rf8 33. dxe5 Rae8 34. c7 Rxe5 35. Rb8 Re1+ 36. Kh2 Qh4+ 37. Bh3 Qf4+ 38. Kg2 h4 39. c8Q Qg3# 0-1

[Event "CFriend AT-2004-0-00116 email"]
[Site "Chessfriend.com"]
[Date "2004.08.29"]
[Round "?"]
[White "Stokstad, Petter Glenne"]
[Black "Sveinsson, Jon Arni"]
[Result "1/2-1/2"]
[WhiteElo "2226"]
[BlackElo "1966"]
[PlyCount "29"]
[EventDate "2004.??.??"]
[EventType "tourn (corr)"]
[EventRounds "2"]
[SourceTitle "Corr 2008"]
[Source "ChessBase"]
[SourceDate "2008.06.24"]
[SourceVersion "1"]
[SourceVersionDate "2008.06.24"]
[SourceQuality "1"]

1. d4 Nf6 2. c4 g6 3. Nc3 d5 4. Nf3 Bg7 5. e3 0-0 6. Be2 dxc4 7. 0-0 Nbd7 8. Bxc4 c5 9. a4 cxd4 10. Nxd4 h6 11. Qc2 a6 12. Rd1 Qc7 13. Ne4 Kh7 14. b4 Nxe4 15. Qxe4 1/2-1/2

[Event "Nordic-ch"]
[Site "Bergen"]
[Date "2001.08.11"]
[Round "8"]
[White "Stokstad, Petter Glenne"]
[Black "Hagesaether, Paal Vegard"]
[Result "1/2-1/2"]
[WhiteElo "2195"]
[BlackElo "2250"]
[PlyCount "126"]
[EventDate "2001.08.04"]
[EventType "swiss"]
[EventRounds "9"]
[EventCountry "NOR"]
[SourceTitle "CBM 083 Extra"]
[Source "ChessBase"]
[SourceDate "2001.09.11"]
[SourceVersion "1"]
[SourceVersionDate "2001.09.11"]
[SourceQuality "1"]

1. d4 Nf6 2. c4 Nc6 3. Nf3 e6 4. Nc3 Bb4 5. Qc2 d6 6. Bg5 h6 7. Bd2 0-0 8. a3 Bxc3 9. Bxc3 Qe7 10. h3 e5 11. d5 Nb8 12. g4 Nh7 13. e4 a5 14. Bd2 Nd7 15. h4 Nc5 16. g5 f5 17. g6 Nf6 18. exf5 Nfe4 19. Be3 Bxf5 20. Bh3 Nxf2 21. Bxf5 Nxh1 22. Bxc5 dxc5 23. Be6+ Kh8 24. Qg2 Nf2 25. Nxe5 Qxh4 26. Nf7+ Rxf7 27. gxf7 Nh3+ 28. Kd1 Qd4+ 29. Ke1 Qe3+ 30. Kf1 Nf4 31. Qf2 Qxf2+ 32. Kxf2 g5 33. Bd7 Rf8 34. Be8 Nd3+ 35. Kg3 Ne5 36. Re1 Nxf7 37. Re7 Kg7 38. Kg4 h5+ 39. Kxh5 Kf6 40. Rxf7+ Rxf7 41. Bxf7 Kxf7 42. Kxg5 a4 43. Kf5 Ke7 44. Ke5 Kd7 45. Kf4 Ke7 46. Ke5 Kd7 47. Kf4 Kd6 48. Ke4 b6 49. Kd3 Ke5 50. Ke3 Kf5 51. Kf3 b5 52. cxb5 Ke5 53. d6 Kxd6 54. Ke4 Ke6 55. Kd3 Kd5 56. Kc3 c4 57. Kb4 Kd4 58. Kxa4 c3 59. bxc3+ Kxc3 60. Ka5 Kb3 61. a4 Ka3 62. b6 cxb6+ 63. Kxb6 Kxa4 1/2-1/2

[Event "Nordic-ch"]
[Site "Bergen"]
[Date "2001.08.10"]
[Round "7"]
[White "Stokstad, Petter Glenne"]
[Black "Johansson, Thomas"]
[Result "1-0"]
[WhiteElo "2195"]
[BlackElo "2250"]
[PlyCount "81"]
[EventDate "2001.08.04"]
[EventType "swiss"]
[EventRounds "9"]
[EventCountry "NOR"]
[SourceTitle "CBM 083 Extra"]
[Source "ChessBase"]
[SourceDate "2001.09.11"]
[SourceVersion "1"]
[SourceVersionDate "2001.09.11"]
[SourceQuality "1"]

1. d4 c5 2. d5 f5 3. g4 fxg4 4. e4 d6 5. h3 Nf6 6. Nc3 e5 7. Bb5+ Bd7 8. a4 g3 9. fxg3 Be7 10. Nf3 0-0 11. Ng5 Ne8 12. h4 Nc7 13. Qh5 h6 14. Qg6 Bxg5 15. hxg5 a6 16. gxh6 Qf6 17. Qxg7+ Qxg7 18. hxg7 Rf6 19. Bxd7 Nxd7 20. Rh8+ Kxg7 21. Rxa8 Nxa8 22. Bg5 Rg6 23. Bh4 Nab6 24. Ke2 Nf6 25. a5 Nbd7 26. Ra3 Nh5 27. Kf3 Ndf6 28. Rb3 Ng4 29. Rxb7+ Kh6 30. Rb8 Kh7 31. Rb6 Nh2+ 32. Kf2 Ng4+ 33. Ke2 Nh6 34. Rxa6 Nxg3+ 35. Bxg3 Rxg3 36. Rxd6 Rg2+ 37. Kd3 Ng4 38. Rd7+ Kg6 39. a6 c4+ 40. Kxc4 Ne3+ 41. Kc5 1-0

[Event "Nordic-ch"]
[Site "Bergen"]
[Date "2001.08.04"]
[Round "1"]
[White "Stokstad, Petter Glenne"]
[Black "Stefanova, Antoaneta"]
[Result "1/2-1/2"]
[WhiteElo "2195"]
[BlackElo "2459"]
[PlyCount "141"]
[EventDate "2001.08.04"]
[EventType "swiss"]
[EventRounds "9"]
[EventCountry "NOR"]
[SourceTitle "CBM 083 Extra"]
[Source "ChessBase"]
[SourceDate "2001.09.11"]
[SourceVersion "1"]
[SourceVersionDate "2001.09.11"]
[SourceQuality "1"]

1. d4 d5 2. c4 c6 3. Nf3 Nf6 4. Nc3 a6 5. cxd5 cxd5 6. Bf4 Nc6 7. e3 Bg4 8. Rc1 e6 9. Bd3 Be7 10. 0-0 0-0 11. h3 Bh5 12. a3 Na5 13. g4 Bg6 14. Ne5 Bxd3 15. Qxd3 b5 16. a4 b4 17. Ne2 Qe8 18. b3 Ne4 19. Rc2 f6 20. Nf3 f5 21. Ne5 Ng5 22. Kg2 Nf7 23. Rfc1 Nxe5 24. Bxe5 fxg4 25. hxg4 Qf7 26. f4 Qg6 27. Qxg6 hxg6 28. Rc7 Rfe8 29. Rd7 Bf8 30. Rcc7 Rad8 31. Rxd8 Rxd8 32. Nc1 Re8 33. Kf3 Re7 34. Rxe7 Bxe7 35. Bc7 Nb7 36. Nd3 Kf7 37. Ne5+ Ke8 38. Nxg6 Bd8 39. Bxd8 Kxd8 40. Ne5 Na5 41. Nd3 Nxb3 42. Nxb4 a5 43. Nd3 Nd2+ 44. Ke2 Nc4 45. Nc5 Ke7 46. e4 dxe4 47. Nxe4 Nb2 48. Nc3 Kf6 49. Kf3 Nc4 50. Ne4+ Ke7 51. f5 exf5 52. gxf5 Kd7 53. Kf4 Kc6 54. Nc3 Kd6 55. Ke4 Nd2+ 56. Kd3 Nf3 57. Nb5+ Kd5 58. Nc7+ Kd6 59. Nb5+ Kd5 60. Nc3+ Kd6 61. Ke3 Nh4 62. Ke4 g6 63. f6 Ke6 64. Nd5 Nf5 65. Nf4+ Kxf6 66. Nxg6 Kxg6 67. Kd5 Kf6 68. Kc5 Ke6 69. Kb5 Nxd4+ 70. Kxa5 Kd5 71. Kb6 1/2-1/2

[Event "Oslo Norstrand CC Jubileum"]
[Site "Oslo"]
[Date "1995.??.??"]
[Round "8"]
[White "Stokstad, Petter Glenne"]
[Black "Johannessen, Leif Erlend"]
[Result "1/2-1/2"]
[WhiteElo "2200"]
[BlackElo "2205"]
[PlyCount "32"]
[EventDate "1995.09.14"]
[EventType "tourn"]
[EventRounds "9"]
[EventCountry "NOR"]
[SourceTitle "EXT 2024"]
[Source "ChessBase"]
[SourceDate "2023.10.10"]
[SourceVersion "1"]
[SourceVersionDate "2023.10.10"]
[SourceQuality "1"]

1. d4 e6 2. g3 Nf6 3. Bg2 d5 4. c4 dxc4 5. Nf3 Nc6 6. Qa4 Bb4+ 7. Bd2 Nd5 8. Bxb4 Ndxb4 9. Ne5 Bd7 10. 0-0 a5 11. Nxd7 Qxd7 12. a3 Nd5 13. Qxc4 Nb6 14. Bxc6 Nxc4 15. Bxd7+ Kxd7 16. b3 Nb6 1/2-1/2

[Event "Skei"]
[Site "Skei"]
[Date "1994.??.??"]
[Round "8"]
[White "Nijboer, Friso"]
[Black "Stokstad, Petter Glenne"]
[Result "1-0"]
[WhiteElo "2530"]
[BlackElo "2180"]
[PlyCount "67"]
[EventDate "1994.??.??"]
[EventType "tourn"]
[EventRounds "9"]
[EventCountry "NOR"]
[EventCategory "7"]
[SourceTitle "CBM 042 Extra"]
[Source "ChessBase"]
[SourceDate "1994.11.01"]
[SourceVersion "1"]
[SourceVersionDate "1994.11.01"]
[SourceQuality "1"]

1. e4 c5 2. Nf3 Nc6 3. d4 cxd4 4. Nxd4 e6 5. Nc3 a6 6. Be2 Nge7 7. 0-0 d6 8. Be3 Nxd4 9. Qxd4 b5 10. Rfd1 Nc6 11. Qd2 Bb7 12. a4 b4 13. Na2 a5 14. c3 bxc3 15. Nxc3 Be7 16. Nb5 0-0 17. Nxd6 Bxd6 18. Qxd6 Qxd6 19. Rxd6 Nb4 20. Bc5 Nc2 21. Rc1 Bxe4 22. f3 Bg6 23. Rd2 Rfc8 24. Rdxc2 Bxc2 25. Rxc2 Rc7 26. Rc3 Rb8 27. Bb5 f6 28. Bd6 Rxc3 29. bxc3 Rc8 30. c4 Kf7 31. f4 g6 32. c5 e5 33. fxe5 fxe5 34. Bd7 1-0

[Event "Skei"]
[Site "Skei"]
[Date "1994.??.??"]
[Round "5"]
[White "Stokstad, Petter Glenne"]
[Black "Berg, Klaus"]
[Result "1/2-1/2"]
[WhiteElo "2180"]
[BlackElo "2440"]
[PlyCount "132"]
[EventDate "1994.??.??"]
[EventType "tourn"]
[EventRounds "9"]
[EventCountry "NOR"]
[EventCategory "7"]
[SourceTitle "CBM 042 Extra"]
[Source "ChessBase"]
[SourceDate "1994.11.01"]
[SourceVersion "1"]
[SourceVersionDate "1994.11.01"]
[SourceQuality "1"]

1. d4 Nf6 2. c4 c5 3. e3 cxd4 4. exd4 d5 5. Nc3 e6 6. Nf3 Bb4 7. Bd2 0-0 8. a3 Bxc3 9. Bxc3 b6 10. Rc1 dxc4 11. Bxc4 Ba6 12. Bb4 Re8 13. 0-0 Nd5 14. Bd2 Bxc4 15. Rxc4 Nd7 16. Qb3 h6 17. Ne5 N7f6 18. Qf3 Rc8 19. b3 b5 20. Rc5 Rxc5 21. dxc5 Qc7 22. Ng4 Nxg4 23. Qxg4 Kf8 24. Qd4 Rd8 25. Rc1 a5 26. Qe4 Ne7 27. Be3 Qc6 28. Qc2 Nf5 29. Rd1 Rxd1+ 30. Qxd1 Ke7 31. Qc2 Kd7 32. h3 Qd5 33. Qc3 a4 34. bxa4 bxa4 35. Qa5 Nxe3 36. Qxa4+ Qc6 37. Qa7+ Qc7 38. c6+ Kxc6 39. Qxe3 Kd7 40. Qd4+ Ke7 41. Qxg7 Qc1+ 42. Kh2 Qxa3 43. Qxh6 Qd6+ 44. g3 Qc5 45. Qe3 Qc2 46. h4 f6 47. g4 Kf7 48. Qf4 Kg7 49. g5 fxg5 50. hxg5 Qc3 51. Qe4 Qc5 52. f4 Qf2+ 53. Kh3 Qf1+ 54. Kg3 Qg1+ 55. Kf3 Qh1+ 56. Ke3 Qh3+ 57. Kd4 Kf7 58. Qe5 Qb3 59. Qf6+ Ke8 60. Qh8+ Ke7 61. Qh7+ Kf8 62. Ke5 Qd5+ 63. Kf6 Qd4+ 64. Kxe6 Qc4+ 65. Ke5 Qc5+ 66. Ke6 Qc4+ 1/2-1/2

[Event "Gausdal Int"]
[Site "Gausdal"]
[Date "1993.??.??"]
[Round "6"]
[White "Reeh, Oliver"]
[Black "Stokstad, Petter Glenne"]
[Result "1-0"]
[WhiteElo "2435"]
[BlackElo "2195"]
[PlyCount "51"]
[EventDate "1993.08.??"]
[EventType "swiss"]
[EventRounds "9"]
[EventCountry "NOR"]
[SourceTitle "TD"]
[Source "ChessBase"]
[SourceDate "1994.03.01"]
[SourceVersion "1"]
[SourceVersionDate "1994.03.01"]
[SourceQuality "1"]

1. d4 d5 2. c4 e6 3. Nf3 c6 4. e3 Nf6 5. Nbd2 Bd6 6. Bd3 Nbd7 7. 0-0 0-0 8. e4 dxe4 9. Nxe4 Nxe4 10. Bxe4 f5 11. Bc2 e5 12. Bg5 Be7 13. Bxe7 Qxe7 14. Nxe5 Nxe5 15. Re1 Qb4 16. Rxe5 Qxb2 17. Re7 Rf7 18. Rxf7 Kxf7 19. Rb1 Qxa2 20. Bb3 Qa5 21. Qh5+ Kf6 22. Qe8 Qc7 23. Re1 Qd6 24. c5 Qxd4 25. h4 Qxh4 26. Qe7+ 1-0

[Event "Politiken Cup 14th"]
[Site "Copenhagen"]
[Date "1992.07.02"]
[Round "10"]
[White "Stokstad, Petter Glenne"]
[Black "Hald, Jens Erik Kofoed"]
[Result "1/2-1/2"]
[WhiteElo "2205"]
[BlackElo "2220"]
[PlyCount "25"]
[EventDate "1992.06.22"]
[EventType "swiss"]
[EventRounds "10"]
[EventCountry "DEN"]
[SourceTitle "EXT 2002"]
[Source "ChessBase"]
[SourceDate "2001.11.25"]
[SourceVersion "1"]
[SourceVersionDate "2001.11.25"]
[SourceQuality "1"]

1. d4 Nf6 2. c4 g6 3. Nc3 Bg7 4. e4 d6 5. f4 0-0 6. Nf3 c5 7. Be2 cxd4 8. Nxd4 Na6 9. Be3 Nc5 10. Bf3 Bh6 11. 0-0 e5 12. Ndb5 exf4 13. Bf2 1/2-1/2